000 00683nam a2200193 i 4500
001 172433
003 ES-MaACL
005 20230906214919.0
008 090706s1955 ru |||| | rus d
080 _a913(47+57)(084.3)
110 2 _aUnión Soviética.
_bGlavnoe Upravlenie Geodezii i Kartografii.
_9140961
245 1 0 _aAtlas CCCP.
250 _a2. ed.
260 _aMoskva :
_b[Glavnoe upravlenie geodezii i kartografii],
_c1955.
300 _a1 atlas (147 p.) :
_bprincipalmente il. col. map. ;
_c27 cm.
546 _aTexto en cirílico.
651 4 _aUnión Soviética-
_vMapas.
_9140964
852 _aES-MaACL
_jE-12750
_9R.143384
_z.- Biblioteca Jacinto Martínez Lacalle
999 _c172433
_d172433